| 000 -NÁVESTIE |
| fixed length control field |
01645nam a2200421 4500 |
| 001 - EVIDENČNÉ ČÍSLO ZÁZNAMU - Kontrolné číslo |
| control field |
vtls012064150 |
| 005 - DÁTUM A ČAS POSLEDNEJ TRANSAKCIE |
| control field |
20260507110959.0 |
| 008 - ÚDAJE S PEVNOU DĹŽKOU – VŠEOBECNÉ INFORMÁCIE |
| fixed length control field |
210802s2020 xo o gr 001 0 slo |
| 020 ## - MEDZINÁRODNÉ ŠTANDARDNÉ ČÍSLO KNIHY (ISBN) |
| Medzinárodné štandardné číslo knihy (ISBN) |
9788055176826 |
| Qualifying information |
(brožované) |
| 040 ## - ZDROJ KATALOGIZÁCIE |
| Pôvodná katalogizujúca agentúra |
SNK |
| Jazyk katalogizácie |
slo |
| Prepisujúca agentúra |
SNK |
| Konvencie popisu |
rda |
| 041 1# - KÓD JAZYKA |
| Kód jazyka textu/zvukovej stopy alebo samostatných nápisov |
slo |
| Kód jazyka originálu a/alebo sprostredkujúcich prekladov textu |
ger |
| 044 ## - KÓD KRAJINY VYDAVATEĽA/PRODUCENTA |
| Kód krajiny MARC |
xo |
| Kód krajiny ISO |
SK |
| 072 #7 - KÓD PREDMETOVEJ KATEGÓRIE |
| Kód predmetovej kategórie |
635 |
| Pododdiel kódu predmetovej kategórie |
Záhradkárstvo |
| Zdroj |
konspekt |
| 080 ## - ČÍSLO MEDZINÁRODNÉHO DESATINNÉHO TRIEDENIA (MDT) |
| Číslo Medzinárodného desatinného triedenia (MDT) |
634/635 |
| Identifikátor vydania |
2011 |
| 080 ## - ČÍSLO MEDZINÁRODNÉHO DESATINNÉHO TRIEDENIA (MDT) |
| Číslo Medzinárodného desatinného triedenia (MDT) |
(035) |
| Identifikátor vydania |
2011 |
| 100 1# - OSOBNÉ MENÁ – VŠEOBECNÉ INFORMÁCIE |
| Osobné meno |
Hess, Thomas |
| Kód roly |
aut |
| -- |
5583 |
| 240 10 - UNIFIKOVANÝ NÁZOV |
| Unifikovaný názov |
Wächst das von allein oder muss ich jetzt was machen? |
| Jazyk diela |
Slovensky |
| 245 10 - NÁZOV |
| Názov |
Rastie to samo - alebo treba s tým niečo robiť? |
| Zvyšok názvu |
ako robiť dôležité záhradné práce v správnom čase : praktický sprievodca pre záhradkárov |
| Údaj o zodpovednosti atď. |
Thoman Hess ; z nemeckého originálu Wächst das von allein oder muss ich jetzt was machen? Alle Gartenarbeiten auf einem Bkick preložila Henrieta Hatalová |
| 246 30 - INÁ FORMA NÁZVU |
| Hlavný názov/skrátený názov |
Prvé vydanie |
| 246 30 - INÁ FORMA NÁZVU |
| Hlavný názov/skrátený názov |
Ako robiť dôležité záhradné práce v správnom čase |
| 246 30 - INÁ FORMA NÁZVU |
| Hlavný názov/skrátený názov |
Praktický sprievodca pre záhradkárov |
| 250 ## - ÚDAJ O PORADÍ VYDANIA |
| Údaj o poradí vydania |
Prvé vydanie |
| 264 #1 - VYDAVATEĽSKÉ ÚDAJE, DISTRIBÚCIA ATĎ. - RDA |
| Miesto publikovania, distribúcie atď. |
Bratislava |
| Názov vydavateľa, distibútora atď. |
Ikar, a.s. - Príroda |
| Dátum publikovania, distribúcie atď. |
2021 |
| 300 ## - FYZICKÝ POPIS |
| Rozsah |
141 strán |
| Ďalšie fyzické detaily |
fotografie |
| Rozmery |
19 x 22 cm |
| 336 ## - TYP OBSAHU |
| Typ obsahu - termín |
text |
| Typ obsahu - kód |
txt |
| Zdroj |
rdacontent |
| 336 ## - TYP OBSAHU |
| Typ obsahu - termín |
statický obraz |
| Typ obsahu - kód |
sti |
| Zdroj |
rdacontent |
| 337 ## - TYP MÉDIA |
| Typ média - termín |
bez média |
| Typ média - kód |
n |
| Zdroj |
rdamedia |
| 338 ## - TYP NOSIČA |
| Typ nosiča - termín |
zväzok |
| Typ nosiča - kód |
nc |
| Zdroj |
rdacarrier |
| 500 ## - VŠEOBECNÁ POZNÁMKA |
| Formátovaná poznámka o obsahu |
Obálkový podnázov |
| 650 07 - PRIDANÝ VSTUP – PREDMET – TEMATICKÉ HESLO |
| Tematické heslo alebo geografický názov ako vstupný prvok |
záhradkárstvo |
| Zdroj hesla alebo termínu |
SNKPH |
| -- |
4763 |
| 650 07 - PRIDANÝ VSTUP – PREDMET – TEMATICKÉ HESLO |
| Tematické heslo alebo geografický názov ako vstupný prvok |
Gardening |
| Zdroj hesla alebo termínu |
SNKPHeng |
| -- |
5584 |
| 655 #7 - INDEXAČNÝ TERMÍN – ŽÁNER/FORMA |
| Údaje o žánri/forme alebo termín, ktorý je prvok fazety |
príručky |
| Zdroj termínu |
SNKPH |
| -- |
1541 |
| 655 #7 - INDEXAČNÝ TERMÍN – ŽÁNER/FORMA |
| Údaje o žánri/forme alebo termín, ktorý je prvok fazety |
Handbooks, manuals, etc. |
| Zdroj termínu |
SNKPHeng |
| -- |
1630 |
| 700 1# - PRIDANÝ VSTUP – OSOBNÉ MENO |
| Osobné meno |
Hatalová, Henrieta, |
| Dátumy súvisiace s menom |
1959- |
| Kód roly |
trl |
| -- |
5585 |
| 958 ## - Formálny deskriptor |
| Formálny deskriptor |
OP |
| 958 ## - Formálny deskriptor |
| Formálny deskriptor |
DE |
| 958 ## - Formálny deskriptor |
| Formálny deskriptor |
NB |